000 00824nam a22002177a 4500
005 20251108165439.0
008 250721s1990 xx 000 0 ara d
082 1 4 _aم/956.031/واق
100 1 _aالواقدي، أبو عبد الله محمد بن عمر ...
245 1 0 _aكتاب الردة مع نبذة من فتوح العراق و ذكر المثنى بن حارثه الشيباني /
264 1 _aبيروت :
_bدار الغرب الإسلامي،
_c1990.
300 _a294ص
650 1 7 _aالخلفاء الراشدون 661-632
650 1 7 _aالتاريخ
650 1 7 _aحروب الردة
650 1 7 _aالعراق
700 1 _aالجبوري، يحيى
_eتحقيق
700 1 _aإبن أعثم، أبو محمد أحمد بن أعثم الكوفي
942 _2ddc
_cREF
999 _c28155
_d28155